Central Library OPAC University of Rajshahi

Handbook of nonferrous metallurgy : (Record no. 69117)

MARC details
000 -LEADER
fixed length control field 00759nam a2200229 a 4500
001 - CONTROL NUMBER
control field 69117
003 - CONTROL NUMBER IDENTIFIER
rucl marc code BD-RjUL
005 - DATE AND TIME OF LATEST TRANSACTION
control field 20211209081842.0
008 - FIXED-LENGTH DATA ELEMENTS--GENERAL INFORMATION
fixed length control field 170410s1945 en a 001 0 eng
035 ## - SYSTEM CONTROL NUMBER
System control number (BD-RjUL)69328
040 ## - CATALOGING SOURCE
Original cataloging agency DLC
Transcribing agency OKentU
Modifying agency BD-RjUL
Language of cataloging eng
041 ## - LANGUAGE CODE
Language code of text/sound track or separate title eng
082 ## - DEWEY DECIMAL CLASSIFICATION NUMBER
Edition number 23
Classification number 669
Author mark and year LIH 1945
100 1# - MAIN ENTRY--PERSONAL NAME
Personal name Liddell, Donald M.
Fuller form of name (Donald Macy),
Dates associated with a name 1879-
9 (RLIN) 204757
245 00 - TITLE STATEMENT
Title Handbook of nonferrous metallurgy :
Remainder of title principles and processes /
Statement of responsibility, etc. prepared by a staff of specialists, Donald M. Liddell, editor-in-chief.
250 ## - EDITION STATEMENT
Edition statement 2d ed.
260 ## - PUBLICATION, DISTRIBUTION, ETC. (IMPRINT)
Place of publication, distribution, etc. New York :
Name of publisher, distributor, etc. McGraw-Hill book company, inc.,
Date of publication, distribution, etc. c1945
300 ## - PHYSICAL DESCRIPTION
Pagination 656 p. :
Illustrations ill. ;
Size 23 cm.
500 ## - GENERAL NOTE
General note First edition published 1926.
650 #0 - SUBJECT ADDED ENTRY--TOPICAL TERM
Topical term or geographic name as entry element Metallurgy.
9 (RLIN) 204758
942 ## - ADDED ENTRY ELEMENTS (KOHA)
Source of classification or shelving scheme Dewey Decimal Classification
Koha item type Books
Holdings
Lost status Source of classification or shelving scheme Damaged status Not for loan Collection code Permanent Location Current Location Shelving location Date acquired Source of acquisition Cost, normal purchase price Total Checkouts Full call number Date last seen Copy number Koha item type
  Dewey Decimal Classification   Not For Loan Non-fiction Central Library, University of Rajshahi Central Library, University of Rajshahi Reading Room 17/10/1957 Publisher United LTD. 52.40   669 LIH 1945 10/04/2017 C-1 Books